| 000 | 00915nam a2200229 i 4500 | ||
|---|---|---|---|
| 001 | 182913 | ||
| 003 | ES-MaACL | ||
| 005 | 20260217133608.0 | ||
| 008 | 131216s1762 fr f |||| | fre d | ||
| 100 | 1 |
_aDuhamel Du Monceau, Henri-Louis. _9146391 |
|
| 245 | 1 | 0 |
_aArt du cirier / _cpar M. Duhamel du Monceau. |
| 260 |
_a[Paris] : _bImp. de H.L. Guérin et L.F. Delatour, 1762. |
||
| 300 |
_a113 p., 8 lám. ; _c44 cm. |
||
| 490 | 1 | _aDescriptions des arts et métiers faites ou approuvées par Messieurs de l'Académie Royale des Sciences | |
| 530 | _aDisponible en formato digital. | ||
| 650 | 4 |
_aVelas- _xFabricación- _vObras anteriores a 1800. _9154000 |
|
| 830 | 0 | 0 |
_aDescriptions des arts et métiers _9241750 |
| 852 |
_aES-MaACL _jR-57(2) _x Olim: C-10827-70 _cDEPO1 |
||
| 856 | 4 |
_uhttps://archive.org/details/gri_33125010703789 _yInternet Archive |
|
| 942 | _2udc | ||
| 999 |
_c182913 _d182913 |
||